000 00445nam a22001697a 4500
003 OSt
008 241004b |||||||| |||| 00| 0 eng d
020 _a9788126206346
041 _amal
082 _a891.76
_bDOS/OL
100 _aDostoevsky
_96275
245 _aOlithavalathile kurippukal /
250 _a2nd ed.
260 _aThiruvananthapuram :
_bChintha Publishers,
_c2023
700 _aSarathchandran, P. - translator.
_96276
942 _cBK
999 _c18107
_d18107